000 01368cam a2200349 i 4500
001 40693
003 Mx-PuUPA
005 20260413102320.0
008 140415s1972 sp gr 000 0aspa d
017 _aM. 36630-1972
020 _a8422004038
040 _cMx-PuUPA
_aMx-PuUPA
_bspa
_dMx-PuUPA
_erda
041 1 _aspa
_hger
100 1 _aHeisenberg, Werner,
_d1901-1976
_918006
_eautor
240 1 0 _aDer teil und das ganze. Gespräche im umkreis der atomphysik.
_lEspañol
245 1 0 _aDiálogos sobre la física atómica /
_cpor Werner Heisenberg ; traducción española de Wolfgang Strobl y Luis Pelayo
264 1 _aMadrid, España :
_bBiblioteca de Autores Cristianos,
_c©1972
300 _a317 páginas ;
_c20 cm
336 _2rdacontent
_atexto
_btxt
337 _2rdamedia
_asin medio
_bn
338 _2rdacarrier
_avolumen
_bnc
490 0 _aBiblioteca de Autores Cristianos
600 1 4 _aHeisenber, Werner, 1901-1976
_vAutobiografía
650 7 _2armarc
_aFísica nuclear
650 7 _2armarc
_aFísica
_xFilosofía
700 1 _aStrobl, Wolfgang,
_etraductor
700 1 _aPelayo, Luis,
_etraductor
765 _aHeisenberg, Werner, 1901-1976
_dNew York : Harper & Row, 1971
_tDer teil und das ganze. Gespräche im umkreis der atomphysik.
942 _2ddc
_cLI
_h539.7
_iH4618
999 _c40693
_d40693